000 01196cam a2200133 4500500
005 20260329082728.0
041 _afre
042 _adc
100 1 0 _aCaseau, Yves
_eauthor
245 0 0 _aLe S.I. démystifié : Neuf scènes de la vie quotidienne d'un DSI
260 _bDunod,
_c2012.
520 _aCet ouvrage est construit en chapitres qui correspondent à des questions-clé qui reviennent régulièrement dès que l'on est amené à travailler "avec" ou "pour" un système d'information telles que le retour sur investissement, la création de valeur, l'équilibre ressources internes/ressources externes, l'avantage compétitif... L'ouvrage met en scène les dirigeants des principaux départements d'une société fictive (direction générale, DSI, direction de la production, direction commerciale, RH...) avec leurs exigences et leurs contraintes en termes de système d'information.. Cette nouvelle version a été à la fois actualisée et simplifiée, et des dessins humoristiques ont été ajoutés pour la rendre plus accessible dans sa lecture et sa présentation.
856 4 1 _uhttps://stm.cairn.info/le-s-i-demystifie--9782100576357?lang=fr&redirect-ssocas=7080
999 _c2030288
_d2030288